<?xml version="1.0" encoding="UTF-8"?>
<marc:record xmlns:marc="http://www.loc.gov/MARC21/slim" type="Bibliographic">
   <marc:leader>00000pam a2200000 c 4500</marc:leader>
   <marc:controlfield tag="001">964824493</marc:controlfield>
   <marc:controlfield tag="003">DE-101</marc:controlfield>
   <marc:controlfield tag="005">20171203125829.0</marc:controlfield>
   <marc:controlfield tag="007">tu</marc:controlfield>
   <marc:controlfield tag="008">020712s2004    au ||||| |||| 00||||ger  </marc:controlfield>
   <marc:datafield ind1=" " ind2=" " tag="015">
      <marc:subfield code="a">05,A49,1224</marc:subfield>
      <marc:subfield code="z">02,N32,0566</marc:subfield>
      <marc:subfield code="2">dnb</marc:subfield>
   </marc:datafield>
   <marc:datafield ind1="7" ind2=" " tag="016">
      <marc:subfield code="2">DE-101</marc:subfield>
      <marc:subfield code="a">964824493</marc:subfield>
   </marc:datafield>
   <marc:datafield ind1=" " ind2=" " tag="020">
      <marc:subfield code="a">9783702009700</marc:subfield>
      <marc:subfield code="c">Pp. : ca. EUR 19.90, ca. sfr 33.50</marc:subfield>
      <marc:subfield code="9">978-3-7020-0970-0</marc:subfield>
   </marc:datafield>
   <marc:datafield ind1=" " ind2=" " tag="020">
      <marc:subfield code="a">3702009701</marc:subfield>
      <marc:subfield code="c">Pp. : ca. EUR 19.90, ca. sfr 33.50</marc:subfield>
      <marc:subfield code="9">3-7020-0970-1</marc:subfield>
   </marc:datafield>
   <marc:datafield ind1=" " ind2=" " tag="035">
      <marc:subfield code="a">(DE-599)DNB964824493</marc:subfield>
   </marc:datafield>
   <marc:datafield ind1=" " ind2=" " tag="035">
      <marc:subfield code="a">(OCoLC)76367458</marc:subfield>
   </marc:datafield>
   <marc:datafield ind1=" " ind2=" " tag="040">
      <marc:subfield code="a">1140</marc:subfield>
      <marc:subfield code="b">ger</marc:subfield>
      <marc:subfield code="c">DE-101</marc:subfield>
      <marc:subfield code="d">9999</marc:subfield>
   </marc:datafield>
   <marc:datafield ind1=" " ind2=" " tag="041">
      <marc:subfield code="a">ger</marc:subfield>
   </marc:datafield>
   <marc:datafield ind1=" " ind2=" " tag="044">
      <marc:subfield code="c">XA-AT</marc:subfield>
   </marc:datafield>
   <marc:datafield ind1="7" ind2="4" tag="082">
      <marc:subfield code="a">630</marc:subfield>
      <marc:subfield code="q">DE-101</marc:subfield>
      <marc:subfield code="2">22sdnb</marc:subfield>
   </marc:datafield>
   <marc:datafield ind1=" " ind2=" " tag="090">
      <marc:subfield code="a">b</marc:subfield>
   </marc:datafield>
   <marc:datafield ind1="0" ind2="0" tag="245">
      <marc:subfield code="a">&#x98;Der&#x9c; Agrarrebell</marc:subfield>
      <marc:subfield code="c">Sepp Holzer. Unter Mitarb. von Konrad Liebchen</marc:subfield>
   </marc:datafield>
   <marc:datafield ind1=" " ind2=" " tag="250">
      <marc:subfield code="a">8. Aufl.</marc:subfield>
   </marc:datafield>
   <marc:datafield ind1=" " ind2=" " tag="259">
      <marc:subfield code="a">18</marc:subfield>
   </marc:datafield>
   <marc:datafield ind1=" " ind2="1" tag="264">
      <marc:subfield code="a">Graz</marc:subfield>
      <marc:subfield code="a">Stuttgart</marc:subfield>
      <marc:subfield code="b">Stocker</marc:subfield>
      <marc:subfield code="c">2004</marc:subfield>
   </marc:datafield>
   <marc:datafield ind1=" " ind2=" " tag="300">
      <marc:subfield code="a">240 S.</marc:subfield>
      <marc:subfield code="b">zahlr. Ill.. graph. Darst., Kt.</marc:subfield>
      <marc:subfield code="c">24 cm</marc:subfield>
   </marc:datafield>
   <marc:datafield ind1=" " ind2=" " tag="336">
      <marc:subfield code="a">Text</marc:subfield>
      <marc:subfield code="b">txt</marc:subfield>
      <marc:subfield code="2">rdacontent</marc:subfield>
   </marc:datafield>
   <marc:datafield ind1=" " ind2=" " tag="336">
      <marc:subfield code="a">unbewegtes Bild</marc:subfield>
      <marc:subfield code="b">sti</marc:subfield>
      <marc:subfield code="2">rdacontent</marc:subfield>
   </marc:datafield>
   <marc:datafield ind1=" " ind2=" " tag="337">
      <marc:subfield code="a">ohne Hilfsmittel zu benutzen</marc:subfield>
      <marc:subfield code="b">n</marc:subfield>
      <marc:subfield code="2">rdamedia</marc:subfield>
   </marc:datafield>
   <marc:datafield ind1=" " ind2=" " tag="338">
      <marc:subfield code="a">Band</marc:subfield>
      <marc:subfield code="b">nc</marc:subfield>
      <marc:subfield code="2">rdacarrier</marc:subfield>
   </marc:datafield>
   <marc:datafield ind1="1" ind2="7" tag="600">
      <marc:subfield code="0">(DE-588)123930715</marc:subfield>
      <marc:subfield code="0">http://d-nb.info/gnd/123930715</marc:subfield>
      <marc:subfield code="0">(DE-101)123930715</marc:subfield>
      <marc:subfield code="a">Holzer, Sepp</marc:subfield>
      <marc:subfield code="d">1942-</marc:subfield>
      <marc:subfield code="2">gnd</marc:subfield>
   </marc:datafield>
   <marc:datafield ind1=" " ind2="7" tag="650">
      <marc:subfield code="0">(DE-588)4358238-2</marc:subfield>
      <marc:subfield code="0">http://d-nb.info/gnd/4358238-2</marc:subfield>
      <marc:subfield code="0">(DE-101)942942507</marc:subfield>
      <marc:subfield code="a">Permakultur</marc:subfield>
      <marc:subfield code="2">gnd</marc:subfield>
   </marc:datafield>
   <marc:datafield ind1=" " ind2="7" tag="655">
      <marc:subfield code="0">(DE-588)4003939-0</marc:subfield>
      <marc:subfield code="0">http://d-nb.info/gnd/4003939-0</marc:subfield>
      <marc:subfield code="0">(DE-101)040039390</marc:subfield>
      <marc:subfield code="a">Autobiografie</marc:subfield>
      <marc:subfield code="2">gnd-content</marc:subfield>
   </marc:datafield>
   <marc:datafield ind1=" " ind2="7" tag="655">
      <marc:subfield code="a">Autobiographie</marc:subfield>
      <marc:subfield code="2">gnd</marc:subfield>
   </marc:datafield>
   <marc:datafield ind1="0" ind2="0" tag="689">
      <marc:subfield code="0">(DE-588)123930715</marc:subfield>
      <marc:subfield code="0">http://d-nb.info/gnd/123930715</marc:subfield>
      <marc:subfield code="0">(DE-101)123930715</marc:subfield>
      <marc:subfield code="D">p</marc:subfield>
      <marc:subfield code="a">Holzer, Sepp</marc:subfield>
      <marc:subfield code="d">1942-</marc:subfield>
   </marc:datafield>
   <marc:datafield ind1="0" ind2="1" tag="689">
      <marc:subfield code="A">f</marc:subfield>
      <marc:subfield code="a">Autobiographie</marc:subfield>
   </marc:datafield>
   <marc:datafield ind1="0" ind2=" " tag="689">
      <marc:subfield code="5">DE-101</marc:subfield>
      <marc:subfield code="5">DE-101</marc:subfield>
   </marc:datafield>
   <marc:datafield ind1="1" ind2="0" tag="689">
      <marc:subfield code="0">(DE-588)4358238-2</marc:subfield>
      <marc:subfield code="0">http://d-nb.info/gnd/4358238-2</marc:subfield>
      <marc:subfield code="0">(DE-101)942942507</marc:subfield>
      <marc:subfield code="D">s</marc:subfield>
      <marc:subfield code="a">Permakultur</marc:subfield>
   </marc:datafield>
   <marc:datafield ind1="1" ind2=" " tag="689">
      <marc:subfield code="5">DE-101</marc:subfield>
      <marc:subfield code="5">DE-101</marc:subfield>
   </marc:datafield>
   <marc:datafield ind1="1" ind2=" " tag="700">
      <marc:subfield code="0">(DE-588)123930715</marc:subfield>
      <marc:subfield code="0">http://d-nb.info/gnd/123930715</marc:subfield>
      <marc:subfield code="0">(DE-101)123930715</marc:subfield>
      <marc:subfield code="a">Holzer, Sepp</marc:subfield>
      <marc:subfield code="d">1942-</marc:subfield>
      <marc:subfield code="e">Mitwirkender</marc:subfield>
      <marc:subfield code="4">ctb</marc:subfield>
   </marc:datafield>
   <marc:datafield ind1="1" ind2=" " tag="700">
      <marc:subfield code="0">(DE-588)123930723</marc:subfield>
      <marc:subfield code="0">http://d-nb.info/gnd/123930723</marc:subfield>
      <marc:subfield code="0">(DE-101)123930723</marc:subfield>
      <marc:subfield code="a">Liebchen, Konrad</marc:subfield>
      <marc:subfield code="d">1968-</marc:subfield>
      <marc:subfield code="e">Mitwirkender</marc:subfield>
      <marc:subfield code="4">ctb</marc:subfield>
   </marc:datafield>
   <marc:datafield ind1="0" ind2="8" tag="776">
      <marc:subfield code="i">Engl. Ausg. u.d.T.:</marc:subfield>
      <marc:subfield code="t">&#x98;The&#x9c; rebel farmer</marc:subfield>
      <marc:subfield code="d">Graz ; Stuttgart : Stocker, 2004</marc:subfield>
      <marc:subfield code="h">239 S., Ill., graph. Darst., Kt.</marc:subfield>
      <marc:subfield code="w">(DE-101)970963874</marc:subfield>
   </marc:datafield>
   <marc:datafield ind1=" " ind2=" " tag="850">
      <marc:subfield code="a">DE-101a</marc:subfield>
      <marc:subfield code="a">DE-101b</marc:subfield>
   </marc:datafield>
   <marc:datafield ind1="r" ind2=" " tag="925">
      <marc:subfield code="a">ra</marc:subfield>
   </marc:datafield>
</marc:record>
